000 00935nam a2200265Ia 4500
003 OSt
005 20221005113145.0
006 a|||||r|||| 00| 0
007 ta
008 221004b |||||||| |||| 00| 0 pan d
020 _a9788175993631 (hbk)
_cINR 400.00
024 _a65383
037 _b1168, 30/12/2019, H.K. Prakashan
_cTextual
040 _aCRL
_cCRL
_bpan
041 _2pan
_apan
082 _aO153,3N25:g, Q9
100 _aਮੋਹਨ ਚੰਦਰ, ਥਦ.
245 0 _aਆਰਸੀ ਤੇ ਸੁ॥ਬੀਰ
260 _aਨਵੀ੍ਵ
_bਦਿੱਲੀ ਨਞਯੁਗ ਪਬਲਿਕੇFਨ ਭਾਰਤ
_c2019
300 _a231ਪ੍ਰ0
_ccm.
650 _a ਪੰਜਾਬੀ ਕਹਾਣੀ
650 _aਪੰਜਾਬੀ ਸਾਹਿਤ
942 _hO153,3N25:g, Q9
_cTEXL
_2cc
999 _c1027225
_d1027225